00697cam a22002173a 45000010005000000030006000050050017000110080041000280400015000690420007000840500007000911000039000982450107001372600029002445060030002735160020003036530049003236530038003728300028004108560041004383903PGUSA20140828083040.0041206s2004||||xxu|||||s|||||000 | eng d aPGUSAbeng adc 4aPQ1 aRousseau, Jean-Jacques,d1712-177814aThe Confessions of Jean Jacques Rousseau — Volume 03h[electronic resource] /cJean-Jacques Rousseau bProject Gutenberg,c2004 aPublic domain in the USA. aElectronic text aAuthors, French -- 18th century -- Biography aRousseau, Jean-Jacques, 1712-1778 0aProject Gutenbergv390340uhttp://www.gutenberg.org/ebooks/3903